[Event "20. Obert Int. Sant Marti 2018 - B"]
[Site "Barcelona ESP"]
[Date "2018.07.20"]
[Round "8.54"]
[White "Zhou, Luyu"]
[Black "Tortosa Moros, Joan"]
[Result "1-0"]
[WhiteElo "1542"]
[BlackElo "1741"]
[PlyCount "45"]
[EventDate "2018.07.13"]
[EventType "swiss"]
[EventRounds "9"]
[EventCountry "ESP"]
[SourceTitle "Ajedrez en Madrid"]
[Source "lmi"]
[SourceDate "2018.07.13"]
[SourceVersion "1"]
[SourceVersionDate "2019.06.21"]
[SourceQuality "1"]

1. e4 c5 2. Nf3 g6 3. Bc4 e6 4. c3 d5 5. Bb5+ Nc6 6. Bxc6+ bxc6 7. e5 Ba6 8. d3
d4 9. c4 Qa5+ 10. Nbd2 Bg7 11. O-O Ne7 12. Ne4 Ng8 13. Re1 Ke7 14. Bg5+ f6 15.
exf6+ Bxf6 16. Nxf6 Nxf6 17. Qe2 Bc8 18. Bxf6+ Kxf6 19. Qe5+ Ke7 20. Qxh8 Qb6
21. Ng5 Qxb2 22. Nxe6 Rb8 23. Qg7+ 1-0

[Event "20. Obert Int. Sant Marti 2018 - B"]
[Site "Barcelona ESP"]
[Date "2018.07.20"]
[Round "8.55"]
[White "Mercader Rubio, Luis"]
[Black "Febrero Perez, Lluis"]
[Result "1-0"]
[WhiteElo "1732"]
[BlackElo "1479"]
[PlyCount "51"]
[EventDate "2018.07.13"]
[EventType "swiss"]
[EventRounds "9"]
[EventCountry "ESP"]
[SourceTitle "Ajedrez en Madrid"]
[Source "lmi"]
[SourceDate "2018.07.13"]
[SourceVersion "1"]
[SourceVersionDate "2019.06.21"]
[SourceQuality "1"]

1. d4 Nf6 2. c4 g6 3. Nc3 d5 4. cxd5 Nxd5 5. e4 Nxc3 6. bxc3 Bg7 7. Bc4 O-O 8.
Ne2 Nd7 9. O-O c5 10. Be3 Nb6 11. Bb3 c4 12. Bc2 Bd7 13. h3 Nc8 14. a4 Nd6 15.
f3 b6 16. Qc1 f5 17. Bh6 fxe4 18. Bxg7 Kxg7 19. fxe4 a6 20. Qg5 Nf7 21. Qg3 e6
22. Nf4 Kh6 23. e5 Qg5 24. Qe3 Kg7 25. Rf3 Nh6 26. Nxe6+ 1-0

[Event "20. Obert Int. Sant Marti 2018 - B"]
[Site "Barcelona ESP"]
[Date "2018.07.20"]
[Round "8.56"]
[White "Romero Funieles, Rafael"]
[Black "Membrives Pino, Didac"]
[Result "1/2-1/2"]
[WhiteElo "1725"]
[BlackElo "1477"]
[PlyCount "142"]
[EventDate "2018.07.13"]
[EventType "swiss"]
[EventRounds "9"]
[EventCountry "ESP"]
[SourceTitle "Ajedrez en Madrid"]
[Source "lmi"]
[SourceDate "2018.07.13"]
[SourceVersion "1"]
[SourceVersionDate "2019.06.21"]
[SourceQuality "1"]

1. e4 d6 2. c3 Nf6 3. h3 e5 4. Nf3 Nbd7 5. d3 h6 6. Be3 Be7 7. Nbd2 b6 8. d4
Bb7 9. d5 a5 10. Be2 O-O 11. O-O Nc5 12. Bxc5 bxc5 13. a4 Nh5 14. Nxe5 Nf4 15.
Ng4 Nxe2+ 16. Qxe2 Ba6 17. c4 Rb8 18. b3 h5 19. Ne3 Bf6 20. Rab1 h4 21. Nf3 Bc8
22. Nh2 Re8 23. Neg4 Bf5 24. Nxf6+ Qxf6 25. f3 Qg5 26. Kh1 Re7 27. Qf2 Bd7 28.
Rfe1 Qf4 29. Re2 Bxa4 30. Reb2 Bd7 31. Ng4 g5 32. e5 Bxg4 33. exd6 cxd6 34.
hxg4 Kg7 35. Ra2 Rh8 36. Rxa5 Qg3 37. Ra2 Rhe8 38. Rf1 Re3 39. Rb2 Re1 40. Kg1
Rxf1+ 41. Kxf1 Qh2 42. Rb1 Qf4 43. Re1 h3 44. gxh3 Rxe1+ 45. Kxe1 Qc1+ 46. Ke2
Qc2+ 47. Kf1 Qxb3 48. Qe2 Qb1+ 49. Kg2 Qb4 50. Qc2 Qe1 51. Qb2+ Kg6 52. Qc2+
Kg7 53. Qe4 Qd2+ 54. Kf1 Qd1+ 55. Kf2 Qd2+ 56. Qe2 Qd4+ 57. Qe3 Qf6 58. Kg3 Qg6
59. f4 gxf4+ 60. Qxf4 Qd3+ 61. Kf2 Qc2+ 62. Ke1 Qb1+ 63. Ke2 Qc2+ 64. Kf3 Qd1+
65. Kg3 Qd3+ 66. Kf2 Qc2+ 67. Ke1 Qb1+ 68. Kd2 Qb2+ 69. Kd1 Qb1+ 70. Qc1 Qd3+
71. Qd2 Qf1+ 1/2-1/2

[Event "20. Obert Int. Sant Marti 2018 - B"]
[Site "Barcelona ESP"]
[Date "2018.07.20"]
[Round "8.57"]
[White "Volart Buil, Jordi"]
[Black "Vargas Rodriguez, Gabriel"]
[Result "0-1"]
[WhiteElo "1715"]
[BlackElo "1448"]
[PlyCount "76"]
[EventDate "2018.07.13"]
[EventType "swiss"]
[EventRounds "9"]
[EventCountry "ESP"]
[SourceTitle "Ajedrez en Madrid"]
[Source "lmi"]
[SourceDate "2018.07.13"]
[SourceVersion "1"]
[SourceVersionDate "2019.06.21"]
[SourceQuality "1"]

1. d4 Nf6 2. c4 d6 3. Nc3 g6 4. e4 Bg7 5. f4 O-O 6. Nf3 Nbd7 7. Be2 Re8 8. O-O
c5 9. d5 Nb6 10. Be3 Ng4 11. Bf2 f5 12. h3 Nxf2 13. Rxf2 fxe4 14. Nxe4 Bxb2 15.
Rb1 Bg7 16. Bd3 Rf8 17. Qd2 Bf5 18. Rc1 h6 19. g4 Bd7 20. Kg2 Qc7 21. Nc3 e6
22. Nb5 Bxb5 23. cxb5 Nxd5 24. Nh4 Bd4 25. Rf3 Rxf4 26. Bxg6 Rxf3 27. Kxf3 Rf8+
28. Bf5 exf5 29. Nxf5 Qe7 30. Re1 Qg5 31. Re2 Qxd2 32. Rxd2 Ne7 33. Ke4 Nxf5
34. gxf5 Re8+ 35. Kd5 Re5+ 36. Kxd6 Rxf5 37. Re2 Rf6+ 38. Kd5 Kf7 0-1

[Event "20. Obert Int. Sant Marti 2018 - B"]
[Site "Barcelona ESP"]
[Date "2018.07.20"]
[Round "8.58"]
[White "Jimenez Molina, Victor"]
[Black "Reyes, Jesus"]
[Result "0-1"]
[WhiteElo "1710"]
[BlackElo "1367"]
[PlyCount "32"]
[EventDate "2018.07.13"]
[EventType "swiss"]
[EventRounds "9"]
[EventCountry "ESP"]
[SourceTitle "Ajedrez en Madrid"]
[Source "lmi"]
[SourceDate "2018.07.13"]
[SourceVersion "1"]
[SourceVersionDate "2019.06.21"]
[SourceQuality "1"]

1. e4 e5 2. Nf3 Nc6 3. Bb5 f5 4. Nc3 fxe4 5. Bxc6 dxc6 6. Nxe4 Bd6 7. Nxe5 Nf6
8. Nxd6+ cxd6 9. Nc4 O-O 10. O-O Ng4 11. d4 Qh4 12. h3 Nxf2 13. Qe2 Nxh3+ 14.
gxh3 Qg3+ 15. Qg2 Rxf1+ 16. Kxf1 Bxh3 0-1

[Event "20. Obert Int. Sant Marti 2018 - B"]
[Site "Barcelona ESP"]
[Date "2018.07.20"]
[Round "8.59"]
[White "Padin Jimenez, Oriol"]
[Black "Mas Sayos, Lluis"]
[Result "0-1"]
[WhiteElo "1396"]
[BlackElo "1687"]
[PlyCount "132"]
[EventDate "2018.07.13"]
[EventType "swiss"]
[EventRounds "9"]
[EventCountry "ESP"]
[SourceTitle "Ajedrez en Madrid"]
[Source "lmi"]
[SourceDate "2018.07.13"]
[SourceVersion "1"]
[SourceVersionDate "2019.06.21"]
[SourceQuality "1"]

1. e4 c5 2. Nf3 g6 3. d4 cxd4 4. Nxd4 Bg7 5. Be3 Nc6 6. Nc3 Nf6 7. f3 O-O 8.
Qd2 d5 9. exd5 Nxd5 10. Nxc6 bxc6 11. Nxd5 Qxd5 12. Qxd5 cxd5 13. Rb1 Bf5 14.
Bd3 Bxd3 15. cxd3 Rfc8 16. O-O Rc2 17. Rf2 Rxf2 18. Bxf2 a6 19. d4 Rc8 20. Be3
Rc4 21. Rd1 Rc2 22. Bc1 e6 23. Kf1 h5 24. f4 Kf8 25. a4 Rc4 26. b3 Rxd4 27.
Rxd4 Bxd4 28. Ke2 Ke8 29. Kd3 Bg1 30. h3 Kd7 31. Kc3 Kc6 32. b4 Bf2 33. Kd3 Be1
34. Ba3 f6 35. Kd4 Bf2+ 36. Kd3 e5 37. fxe5 fxe5 38. Bb2 e4+ 39. Ke2 Bg1 40.
Kf1 Ba7 41. Ke2 d4 42. Kd2 Kd5 43. Kc2 Kc4 44. g4 hxg4 45. hxg4 Kxb4 46. a5 d3+
47. Kd2 Kc4 48. g5 Bd4 49. Bxd4 Kxd4 50. Ke1 Ke3 51. Kd1 Kf4 52. Kd2 Kxg5 53.
Ke3 Kg4 54. Kd2 Kf3 55. Ke1 e3 56. Kd1 g5 57. Ke1 g4 58. Kd1 g3 59. Kc1 g2 60.
Kb2 g1=Q 61. Kc3 d2 62. Kb2 Qc1+ 63. Kb3 d1=Q+ 64. Kb4 Qdd2+ 65. Ka4 Qcc2+ 66.
Ka3 Qdc3# 0-1

[Event "20. Obert Int. Sant Marti 2018 - B"]
[Site "Barcelona ESP"]
[Date "2018.07.20"]
[Round "8.60"]
[White "Pinyol I Llora, Julia"]
[Black "Salazar Navas, Josep"]
[Result "1-0"]
[WhiteElo "1374"]
[BlackElo "1677"]
[PlyCount "89"]
[EventDate "2018.07.13"]
[EventType "swiss"]
[EventRounds "9"]
[EventCountry "ESP"]
[SourceTitle "Ajedrez en Madrid"]
[Source "lmi"]
[SourceDate "2018.07.13"]
[SourceVersion "1"]
[SourceVersionDate "2019.06.21"]
[SourceQuality "1"]

1. d4 Nf6 2. Nf3 c5 3. c4 cxd4 4. g3 Nc6 5. Nxd4 e5 6. Nxc6 bxc6 7. Bg2 Bc5 8.
O-O Qb6 9. Qb3 Ba6 10. Bg5 Be7 11. Nc3 Rb8 12. Qxb6 axb6 13. b3 h6 14. Bxf6
Bxf6 15. Ne4 Be7 16. Rfd1 Rd8 17. Nd6+ Bxd6 18. Rxd6 O-O 19. Rad1 Bc8 20. Bxc6
Rfe8 21. Bxd7 Bxd7 22. Rxd7 Rb8 23. Rc7 Rbd8 24. Rdd7 Rxd7 25. Rxd7 f6 26. Rd6
Rb8 27. Rd7 Kf8 28. f4 exf4 29. gxf4 Re8 30. Kf2 h5 31. Rd6 Rb8 32. e4 Rb7 33.
e5 Ke7 34. Ke3 fxe5 35. fxe5 b5 36. c5 Ra7 37. Rd2 Ke6 38. Ke4 g5 39. c6 b4 40.
Rd6+ Ke7 41. Rd7+ Rxd7 42. cxd7 Kxd7 43. Kf5 g4 44. Kg5 Ke6 45. Kxh5 1-0

[Event "20. Obert Int. Sant Marti 2018 - B"]
[Site "Barcelona ESP"]
[Date "2018.07.20"]
[Round "8.61"]
[White "Martinez Torras, Pol"]
[Black "Planella Zavala, Ivan"]
[Result "0-1"]
[WhiteElo "1675"]
[BlackElo "1310"]
[PlyCount "98"]
[EventDate "2018.07.13"]
[EventType "swiss"]
[EventRounds "9"]
[EventCountry "ESP"]
[SourceTitle "Ajedrez en Madrid"]
[Source "lmi"]
[SourceDate "2018.07.13"]
[SourceVersion "1"]
[SourceVersionDate "2019.06.21"]
[SourceQuality "1"]

1. d4 d5 2. Nf3 Nf6 3. g3 g6 4. Bg2 Bg7 5. c3 O-O 6. O-O Nbd7 7. Nbd2 b6 8. Qc2
Bb7 9. Re1 Rc8 10. e4 dxe4 11. Ng5 c5 12. dxc5 Nxc5 13. Ngxe4 Nfxe4 14. Bxe4
Bxe4 15. Nxe4 Nxe4 16. Qxe4 e5 17. Qa4 Qc7 18. Be3 Rfd8 19. Rad1 Qb7 20. Rxd8+
Rxd8 21. Qc2 Qd5 22. b3 e4 23. c4 Qd3 24. Qxd3 Rxd3 25. Kf1 f5 26. h4 Bc3 27.
Rc1 Kf7 28. c5 bxc5 29. Bxc5 a6 30. Be3 Ke6 31. Ke2 Kd5 32. Rd1 Rxd1 33. Kxd1
Kc6 34. Kc2 Bf6 35. a3 Be7 36. a4 Bb4 37. Kb2 Kd5 38. Kc2 Be7 39. Bd2 Bc5 40.
Be3 Be7 41. Bb6 h6 42. Be3 g5 43. hxg5 hxg5 44. Kc3 a5 45. Bb6 Bb4+ 46. Kc2 f4
47. Bc7 e3 48. fxe3 fxe3 49. g4 e2 0-1

[Event "20. Obert Int. Sant Marti 2018 - B"]
[Site "Barcelona ESP"]
[Date "2018.07.20"]
[Round "8.65"]
[White "Corominas Garrido, Jordi"]
[Black "Cassi Gimeno, Jordi"]
[Result "1-0"]
[WhiteElo "1853"]
[BlackElo "1464"]
[PlyCount "69"]
[EventDate "2018.07.13"]
[EventType "swiss"]
[EventRounds "9"]
[EventCountry "ESP"]
[SourceTitle "Ajedrez en Madrid"]
[Source "lmi"]
[SourceDate "2018.07.13"]
[SourceVersion "1"]
[SourceVersionDate "2019.06.21"]
[SourceQuality "1"]

1. c4 e5 2. Nc3 Nc6 3. g3 f5 4. Bg2 Bc5 5. e3 d6 6. Nge2 Nge7 7. a3 a6 8. O-O
O-O 9. b4 Ba7 10. Bb2 Ng6 11. Nd5 Nce7 12. d4 c6 13. Nxe7+ Qxe7 14. f4 e4 15.
Qd2 d5 16. cxd5 cxd5 17. Rfc1 Be6 18. Rc3 Rac8 19. Rac1 Rxc3 20. Rxc3 Rc8 21.
Rxc8+ Bxc8 22. Qc2 Bd7 23. Qc7 Bc6 24. Qc8+ Qf8 25. Qc7 Qe7 26. Qc8+ Qf8 27.
Qxf8+ Kxf8 28. Nc3 Ne7 29. a4 Bd7 30. b5 a5 31. Ba3 Be6 32. Bd6 Bb6 33. Bh3 h5
34. Bxf5 Bxf5 35. Nxd5 1-0

[Event "20. Obert Int. Sant Marti 2018 - B"]
[Site "Barcelona ESP"]
[Date "2018.07.20"]
[Round "8.66"]
[White "Rodriguez Gonzalez, Feliciano"]
[Black "Valbuena Castro, Gregorio"]
[Result "0-1"]
[WhiteElo "1403"]
[BlackElo "1646"]
[PlyCount "92"]
[EventDate "2018.07.13"]
[EventType "swiss"]
[EventRounds "9"]
[EventCountry "ESP"]
[SourceTitle "Ajedrez en Madrid"]
[Source "lmi"]
[SourceDate "2018.07.13"]
[SourceVersion "1"]
[SourceVersionDate "2019.06.21"]
[SourceQuality "1"]

1. e4 e5 2. Nf3 Nf6 3. Nc3 Bb4 4. Nxe5 d6 5. Nf3 Nc6 6. Bb5 O-O 7. d3 Bg4 8.
Bxc6 bxc6 9. O-O d5 10. Bg5 Bxc3 11. bxc3 dxe4 12. dxe4 Qxd1 13. Rfxd1 Nxe4 14.
Be7 Rfe8 15. Bb4 Bxf3 16. gxf3 Ng5 17. Rd3 Re2 18. Rc1 Rae8 19. Bc5 Nh3+ 20.
Kg2 Nf4+ 21. Kf1 Nxd3 22. cxd3 Rxa2 23. Be3 a5 24. Rb1 a4 25. Rb7 Ra8 26. Rxc7
a3 27. c4 Ra1+ 28. Kg2 a2 29. Bd4 Rd1 30. Rxc6 Rxd3 31. Ba1 Rd1 32. Bc3 a1=Q
33. Bxa1 Rdxa1 34. Kg3 g6 35. Kf4 Rc1 36. Ke5 Kg7 37. c5 Rc2 38. Rc7 Rxf2 39.
c6 Rxf3 40. Kd6 Rh3 41. Kd7 Rxh2 42. Rb7 Rd2+ 43. Kc7 Rc2 44. Kb6 Rb2+ 45. Kc7
Rxb7+ 46. Kxb7 Re8 0-1

[Event "20. Obert Int. Sant Marti 2018 - B"]
[Site "Barcelona ESP"]
[Date "2018.07.20"]
[Round "8.67"]
[White "Munoz Prior, Marcelo"]
[Black "Bernat Mor, Juli"]
[Result "0-1"]
[WhiteElo "1631"]
[BlackElo "1370"]
[PlyCount "62"]
[EventDate "2018.07.13"]
[EventType "swiss"]
[EventRounds "9"]
[EventCountry "ESP"]
[SourceTitle "Ajedrez en Madrid"]
[Source "lmi"]
[SourceDate "2018.07.13"]
[SourceVersion "1"]
[SourceVersionDate "2019.06.21"]
[SourceQuality "1"]

1. d4 d5 2. Nf3 c6 3. g3 Bf5 4. Bg2 Nf6 5. O-O Qc8 6. Re1 Bh3 7. Bh1 h6 8. a4
e6 9. Nbd2 Be7 10. Ne5 Bf5 11. a5 O-O 12. e3 Nbd7 13. Nxd7 Qxd7 14. c4 Qc7 15.
e4 Nxe4 16. Nxe4 Bxe4 17. Bxe4 dxe4 18. Rxe4 Qd7 19. Qg4 f5 20. Qh3 fxe4 21.
Qg4 Rf6 22. Bf4 Qxd4 23. Rd1 Qxb2 24. Rd7 Bf8 25. Be3 Qe5 26. Qh3 Qa1+ 27. Kg2
Qxa5 28. Bd4 Rd8 29. Bxf6 Rxd7 30. Qxe6+ Rf7 31. Bd4 Qf5 0-1

[Event "20. Obert Int. Sant Marti 2018 - B"]
[Site "Barcelona ESP"]
[Date "2018.07.20"]
[Round "8.68"]
[White "Guerrero Baez, Indira"]
[Black "Cervera Lopez, Miguel"]
[Result "1-0"]
[WhiteElo "1300"]
[BlackElo "1578"]
[PlyCount "149"]
[EventDate "2018.07.13"]
[EventType "swiss"]
[EventRounds "9"]
[EventCountry "ESP"]
[SourceTitle "Ajedrez en Madrid"]
[Source "lmi"]
[SourceDate "2018.07.13"]
[SourceVersion "1"]
[SourceVersionDate "2019.06.21"]
[SourceQuality "1"]

1. e4 c5 2. Nf3 Nc6 3. d4 cxd4 4. Nxd4 g6 5. Nc3 Bg7 6. Be3 Nf6 7. Bc4 a6 8.
Bb3 Qa5 9. f3 O-O 10. Qd2 Nh5 11. g4 Nxd4 12. Bxd4 Bxd4 13. Qxd4 Nf4 14. Qd2
Qe5 15. O-O-O e6 16. h4 h5 17. Rdg1 hxg4 18. fxg4 d5 19. Rf1 d4 20. Nd1 Qxe4
21. Qxf4 Qxf4+ 22. Rxf4 e5 23. Re4 Re8 24. Rf1 Re7 25. h5 Kg7 26. Nf2 b6 27.
Bd5 Raa7 28. Nd3 f6 29. Rg1 g5 30. Nb4 Rac7 31. Kd2 a5 32. Nd3 b5 33. Re2 b4
34. Be4 Kh6 35. Nf2 Ba6 36. Bd3 Bb7 37. Be4 Ba6 38. Ree1 Rc5 39. Nh1 Rec7 40.
Rc1 a4 41. Ng3 Bc8 42. Bf5 Bb7 43. Rgf1 Kg7 44. b3 a3 45. Be6 R5c6 46. Nf5+ Kh8
47. Bd5 Rc3 48. Bxb7 Rxb7 49. Nd6 Re7 50. Rxf6 e4 51. Rh6+ Kg8 52. Rg6+ Kh8 53.
Re1 e3+ 54. Kd1 d3 55. cxd3 Rxd3+ 56. Kc1 Rc7+ 57. Nc4 Rc3+ 58. Kd1 Rd7+ 59.
Rd6 Rf7 60. Rxe3 Rxe3 61. Nxe3 Rf2 62. Rd2 Rf4 63. Rh2 Kh7 64. h6 Rd4+ 65. Ke2
Re4 66. Kd3 Rf4 67. Rh5 Rf2 68. Nc2 Rf4 69. Ke3 Rxg4 70. Kf3 Rf4+ 71. Kg3 Re4
72. Rxg5 Kxh6 73. Rg4 Re6 74. Rxb4 Re2 75. Rc4 1-0

[Event "20. Obert Int. Sant Marti 2018 - B"]
[Site "Barcelona ESP"]
[Date "2018.07.20"]
[Round "8.69"]
[White "Gibert Juan, Ramon"]
[Black "Gupta, Ritvik"]
[Result "1-0"]
[WhiteElo "1567"]
[BlackElo "1021"]
[PlyCount "59"]
[EventDate "2018.07.13"]
[EventType "swiss"]
[EventRounds "9"]
[EventCountry "ESP"]
[SourceTitle "Ajedrez en Madrid"]
[Source "lmi"]
[SourceDate "2018.07.13"]
[SourceVersion "1"]
[SourceVersionDate "2019.06.21"]
[SourceQuality "1"]

1. d4 d5 2. Nf3 Nf6 3. e3 e6 4. c4 Be7 5. Nc3 O-O 6. cxd5 exd5 7. h3 b6 8. Bd3
Bb7 9. O-O c5 10. b3 Nbd7 11. Re1 Rc8 12. Bb2 cxd4 13. exd4 Bb4 14. Rc1 Re8 15.
Qd2 Qc7 16. a3 Rxe1+ 17. Qxe1 Bxc3 18. Rxc3 Qd8 19. Nh4 Rxc3 20. Bxc3 Ne4 21.
Nf5 g6 22. Nh6+ Kg7 23. Ng4 Nxc3 24. Qxc3 Qc8 25. Qd2 Qf8 26. Bb5 Bc8 27. Bxd7
Bxd7 28. Qh6+ Kg8 29. Nf6+ Kh8 30. Qxh7# 1-0

[Event "20. Obert Int. Sant Marti 2018 - B"]
[Site "Barcelona ESP"]
[Date "2018.07.20"]
[Round "8.70"]
[White "Jimenez Rimblas, Raul"]
[Black "Martin Sanchez, Antoni"]
[Result "1-0"]
[WhiteElo "1313"]
[BlackElo "1552"]
[PlyCount "25"]
[EventDate "2018.07.13"]
[EventType "swiss"]
[EventRounds "9"]
[EventCountry "ESP"]
[SourceTitle "Ajedrez en Madrid"]
[Source "lmi"]
[SourceDate "2018.07.13"]
[SourceVersion "1"]
[SourceVersionDate "2019.06.21"]
[SourceQuality "1"]

1. e4 e6 2. d4 d5 3. e5 c5 4. c3 Nc6 5. Nf3 Qb6 6. Be2 cxd4 7. cxd4 Bb4+ 8. Nc3
Bd7 9. O-O Rc8 10. a3 Be7 11. b4 Nb8 12. Na4 Bb5 13. Nxb6 1-0

[Event "20. Obert Int. Sant Marti 2018 - B"]
[Site "Barcelona ESP"]
[Date "2018.07.20"]
[Round "8.71"]
[White "Minko, Uliana"]
[Black "Gordillo Bretones, Jose Luis"]
[Result "0-1"]
[WhiteElo "1284"]
[BlackElo "1543"]
[PlyCount "112"]
[EventDate "2018.07.13"]
[EventType "swiss"]
[EventRounds "9"]
[EventCountry "ESP"]
[SourceTitle "Ajedrez en Madrid"]
[Source "lmi"]
[SourceDate "2018.07.13"]
[SourceVersion "1"]
[SourceVersionDate "2019.06.21"]
[SourceQuality "1"]

1. c4 Nf6 2. g3 e6 3. Bg2 d5 4. Nf3 Nc6 5. cxd5 exd5 6. d4 Be7 7. O-O O-O 8.
Nc3 Be6 9. Re1 Qd7 10. a3 Bh3 11. Bh1 Bd6 12. b4 Bg4 13. Qd3 Bf5 14. Qd1 h6 15.
Bb2 Rfe8 16. Nh4 Bf8 17. Ng2 Ne4 18. Ne3 Nxc3 19. Bxc3 Be4 20. f3 Bh7 21. Qd2
Ne7 22. Ng4 Nc8 23. Ne5 Qd6 24. e4 dxe4 25. fxe4 c6 26. a4 f6 27. Qa2+ Qe6 28.
d5 cxd5 29. exd5 Qb6+ 30. Kf1 fxe5 31. d6+ Kh8 32. d7 Bd3+ 33. Kg2 Qc6+ 34. Kh3
Qxd7+ 35. g4 Qc7 36. Qb2 Bd6 37. Rac1 Qe7 38. Be4 Bxe4 39. Rxe4 Nb6 40. Qb3 Qe6
41. Qc2 Nd5 42. Bd2 Qf6 43. Kg3 Rf8 44. Bc3 Nxc3 45. Qxc3 Qf2+ 46. Kh3 Rf3+ 47.
Qxf3 Qxf3+ 48. Kh4 Qf6+ 49. Kg3 Rf8 50. Rcc4 Qf3+ 51. Kh4 Kh7 52. g5 Be7 53.
Rg4 Bxg5+ 54. Rxg5 hxg5+ 55. Kxg5 Rf5+ 56. Kh4 Rh5# 0-1

[Event "20. Obert Int. Sant Marti 2018 - B"]
[Site "Barcelona ESP"]
[Date "2018.07.20"]
[Round "8.73"]
[White "Casas Vinas, Arthur"]
[Black "Gomez Fernandez, Miquel"]
[Result "1-0"]
[WhiteElo "1249"]
[BlackElo "1485"]
[PlyCount "59"]
[EventDate "2018.07.13"]
[EventType "swiss"]
[EventRounds "9"]
[EventCountry "ESP"]
[SourceTitle "Ajedrez en Madrid"]
[Source "lmi"]
[SourceDate "2018.07.13"]
[SourceVersion "1"]
[SourceVersionDate "2019.06.21"]
[SourceQuality "1"]

1. e4 e5 2. Nf3 d6 3. Bc4 h6 4. Nc3 Nf6 5. O-O Be7 6. d3 Nc6 7. h3 O-O 8. Re1
Na5 9. Bd5 c6 10. Bb3 Nxb3 11. axb3 Be6 12. Bd2 Qc7 13. Re2 Nh7 14. Qe1 f5 15.
exf5 Bxf5 16. Ne4 Bxh3 17. Ng3 Bg4 18. Re3 Ng5 19. Nh2 Qd7 20. d4 Be6 21. dxe5
dxe5 22. Rxe5 Rf6 23. Bxg5 hxg5 24. Rxg5 Rxf2 25. Rxg7+ Kxg7 26. Qxf2 Bc5 27.
Qxc5 Bd5 28. Rxa7 Re8 29. Qb4 Re7 30. Qxe7+ 1-0

[Event "20. Obert Int. Sant Marti 2018 - B"]
[Site "Barcelona ESP"]
[Date "2018.07.20"]
[Round "8.74"]
[White "Rodoreda Pares, Marc"]
[Black "Antequera Garcia, Luis"]
[Result "1-0"]
[WhiteElo "1487"]
[BlackElo "1362"]
[PlyCount "77"]
[EventDate "2018.07.13"]
[EventType "swiss"]
[EventRounds "9"]
[EventCountry "ESP"]
[SourceTitle "Ajedrez en Madrid"]
[Source "lmi"]
[SourceDate "2018.07.13"]
[SourceVersion "1"]
[SourceVersionDate "2019.06.21"]
[SourceQuality "1"]

1. e4 e5 2. Nf3 Nc6 3. Nc3 Bc5 4. Bc4 Nf6 5. d3 O-O 6. Bg5 Be7 7. Qd2 d6 8.
O-O-O Bg4 9. h3 Bh5 10. g4 Bg6 11. Rdg1 h6 12. Bxh6 gxh6 13. Qxh6 Nh7 14. Qxg6+
Kh8 15. Bxf7 Bg5+ 16. Nxg5 Qxg5+ 17. Qxg5 Nxg5 18. Bb3 Rxf2 19. Nb5 Nd4 20.
Nxd4 exd4 21. h4 Nh7 22. Be6 c6 23. Rf1 Raf8 24. Bf5 Rg2 25. Bxh7 Rxf1+ 26.
Rxf1 Kxh7 27. g5 b5 28. b3 a5 29. Rf6 d5 30. exd5 cxd5 31. Rf5 a4 32. Rxd5 axb3
33. axb3 Rh2 34. Rxb5 Rxh4 35. Rc5 Kg6 36. b4 Rh8 37. Kb2 Rb8 38. b5 Rb6 39.
Rc6+ 1-0

[Event "20. Obert Int. Sant Marti 2018 - B"]
[Site "Barcelona ESP"]
[Date "2018.07.20"]
[Round "8.75"]
[White "Bienvenido Kleque, Jose"]
[Black "Apinyan, Mark"]
[Result "1/2-1/2"]
[WhiteElo "1439"]
[BlackElo "1269"]
[PlyCount "87"]
[EventDate "2018.07.13"]
[EventType "swiss"]
[EventRounds "9"]
[EventCountry "ESP"]
[SourceTitle "Ajedrez en Madrid"]
[Source "lmi"]
[SourceDate "2018.07.13"]
[SourceVersion "1"]
[SourceVersionDate "2019.06.21"]
[SourceQuality "1"]

1. d4 d5 2. c4 e6 3. cxd5 exd5 4. Nf3 Nf6 5. g3 Be7 6. Bg2 O-O 7. O-O Nbd7 8.
Nc3 b6 9. Re1 Bb7 10. a3 Ne4 11. Qc2 Ndf6 12. Nxe4 Nxe4 13. Bf4 c5 14. Be3 Rc8
15. dxc5 bxc5 16. Rad1 Qc7 17. Bf4 Qb6 18. Ne5 Rfd8 19. Bxe4 dxe4 20. Nc4 Qe6
21. Be3 Rxd1 22. Rxd1 Bd5 23. b3 f5 24. Rc1 Bf6 25. Rd1 g5 26. Bc1 Kg7 27. e3
h5 28. Kg2 Kh6 29. h3 h4 30. gxh4 gxh4 31. Rg1 Rg8+ 32. Kh1 Qf7 33. Rxg8 Qxg8
34. Qe2 Qg6 35. Bb2 Bxb2 36. Qxb2 Kg5 37. Qh8 Bxc4 38. bxc4 Qh6 39. Qd8+ Qf6
40. Qg8+ Kh5 41. Qd5 Qf8 42. Qe6 Kg5 43. Qe5 Kg6 44. Qe6+ 1/2-1/2

[Event "20. Obert Int. Sant Marti 2018 - B"]
[Site "Barcelona ESP"]
[Date "2018.07.20"]
[Round "8.76"]
[White "Dominguez Diaz, Francisco"]
[Black "Marzo Ruiz, Xavier"]
[Result "0-1"]
[WhiteElo "1319"]
[BlackElo "1417"]
[PlyCount "95"]
[EventDate "2018.07.13"]
[EventType "swiss"]
[EventRounds "9"]
[EventCountry "ESP"]
[SourceTitle "Ajedrez en Madrid"]
[Source "lmi"]
[SourceDate "2018.07.13"]
[SourceVersion "1"]
[SourceVersionDate "2019.06.21"]
[SourceQuality "1"]

1. e4 c5 2. Nf3 Nc6 3. b3 d6 4. Bb2 Nf6 5. Bb5 Bd7 6. d3 a6 7. Bc4 e6 8. e5
dxe5 9. Nxe5 Nxe5 10. Bxe5 b5 11. Bxb5 axb5 12. O-O Bc6 13. Nc3 Bd6 14. Bxd6
Qxd6 15. Re1 O-O 16. Re3 b4 17. Ne2 Ra3 18. Nc1 Qd4 19. Rb1 Ng4 20. Qd2 Nxe3
21. fxe3 Qf6 22. e4 Rd8 23. Qe3 Qd4 24. Qxd4 Rxd4 25. Kf2 f5 26. g3 fxe4 27.
Ke3 exd3 28. cxd3 Kf7 29. Rb2 Ra8 30. Rc2 Ra5 31. Ne2 Rd5 32. Kd2 Rf5 33. d4
Bf3 34. Nf4 Ke7 35. Ke3 Ba8 36. Ne2 Kd6 37. Kd2 Rf2 38. Kd3 Bf3 39. dxc5+ Kc7
40. Nd4 Rxc2 41. Nxc2 Rxa2 42. Nd4 Bd5 43. h3 Rg2 44. Ke3 Rxg3+ 45. Kf4 Rxh3
46. Ke5 Bxb3 47. Nxb3 Rxb3 48. Kxe6 0-1

[Event "20. Obert Int. Sant Marti 2018 - B"]
[Site "Barcelona ESP"]
[Date "2018.07.20"]
[Round "8.77"]
[White "Olleta Tanya, Jordi"]
[Black "Minko, Aleksandr"]
[Result "1-0"]
[WhiteElo "1409"]
[BlackElo "1112"]
[PlyCount "99"]
[EventDate "2018.07.13"]
[EventType "swiss"]
[EventRounds "9"]
[EventCountry "ESP"]
[SourceTitle "Ajedrez en Madrid"]
[Source "lmi"]
[SourceDate "2018.07.13"]
[SourceVersion "1"]
[SourceVersionDate "2019.06.21"]
[SourceQuality "1"]

1. Nf3 d5 2. d4 Nf6 3. Nc3 e6 4. Bg5 h6 5. Bh4 g5 6. Bg3 a6 7. Ne5 Bd6 8. a3 h5
9. h4 Ng4 10. Qd2 Bxe5 11. dxe5 gxh4 12. Bxh4 Qd7 13. Qg5 Nc6 14. Bg3 b5 15.
Rxh5 Rxh5 16. Qxh5 b4 17. Qh8+ Ke7 18. Bh4+ f6 19. exf6+ Nxf6 20. Qxf6+ Ke8 21.
Qh8+ Kf7 22. Qh7+ Kf8 23. Qxd7 Bxd7 24. axb4 Nxb4 25. Kd2 Kf7 26. e3 Rb8 27. b3
c5 28. Be2 d4 29. exd4 cxd4 30. Ne4 Kg6 31. Bc4 Rc8 32. Bf6 Bc6 33. Nd6 Rf8 34.
Bxd4 e5 35. Bc5 Nd5 36. Rxa6 Ne7 37. g3 Rd8 38. Ke2 Kg5 39. Nf7+ Kg4 40. Nxe5+
Kf5 41. Nxc6 Rc8 42. Nxe7+ Ke4 43. Nxc8 Ke5 44. Ke3 Kf5 45. f4 Kg4 46. Ke4 Kh3
47. Kf5 Kh2 48. Kg5 Kh3 49. f5 Kh2 50. f6 1-0